00211nam a2200073Ia 4500008004100000100001700041245005100058260002800109170817s9999 xx 000 0 und d aAggarwal.J.C 0aShiksha vyavastha ka Aadhaar tathaa Prabandhan bAgarwal Prakashan Agara